| 000 | 00356 a2200169 4500 | ||
|---|---|---|---|
| 001 | 162157 | ||
| 020 | _a85-357-0273-3 | ||
| 040 | _cMagnum | ||
| 100 | _aLadeira, Julieta de Godoy | ||
| 240 | 1 | 0 |
_aAté mais verde _lpor |
| 245 | 1 | 0 | _aAté mais verde |
| 300 | _a48 | ||
| 362 | 0 | _a2003 | |
| 440 | 1 | _aAtual | |
| 697 | _aLITERATURA JUVENIL | ||
| 942 | _cBK | ||
| 999 |
_c162157 _d162157 |
||